Retrato de Mussolini con familia
保存先:
| 第一著者: | |
|---|---|
| フォーマット: | 図書 |
| 言語: | 英語 スペイン語 |
| 出版事項: |
Cuernavaca, México
Penguin Random House Grupo Editorial S.A. de C.V.
2015
|
| 版: | Primera edición |
| 主題: | |
| タグ: |
タグ追加
タグなし, このレコードへの初めてのタグを付けませんか!
|
MARC
| LEADER | 00000nam a22000007a 4500 | ||
|---|---|---|---|
| 003 | CL-VaPUC | ||
| 005 | 20210827105555.0 | ||
| 008 | 210615b ||||| |||| 00| 0 eng d | ||
| 999 | |c 433131 |d 433129 | ||
| 020 | |a 9786073134538 | ||
| 040 | |c Pontificia Universidad Católica de Valparaíso | ||
| 041 | 0 | |a spa | |
| 082 | 0 | 4 | |2 21 |a Me863 BEL 2015 |
| 100 | 1 | |a Bellatin Cavigiolo, Mario |e autor |9 861433 | |
| 245 | 1 | 0 | |a Retrato de Mussolini con familia |
| 250 | |a Primera edición | ||
| 260 | |a Cuernavaca, México |b Penguin Random House Grupo Editorial S.A. de C.V. |c 2015 | ||
| 300 | |a Sin paginación | ||
| 500 | |a Donación R. Rodríguez F. Doctorado en Literatura. | ||
| 583 | |c 20210615 |k Daniel Castañeda | ||
| 650 | 0 | 0 | |a Novelas mexicanas |9 317570 |
| 650 | 0 | 0 | |a Literatura mexicana |9 313097 |
| 942 | |2 ddc |c BK | ||
| 952 | |0 0 |1 0 |2 ddc |4 0 |6 ME_863_000000000000000_BEL_2015 |7 0 |9 578137 |a FDOPOS |b FDOPOS |d 2021-06-15 |i 5622220 |o Me863 BEL 2015 |p 5622220 |r 2025-01-22 |t 1 |w 2021-06-15 |y BK |k DLH | ||